100 największych miast w Polsce - quiz na mapie - Statystyki

Ogólne statystyki
  • Ten quiz został rozwiązany 3 603 razy
  • Średni wynik to 32 z 100
Odpowiedzi na mapie
Odpowiedzi zakodowano w zielono-czerwonej skali na mapie do tego quizu, zgodnie z poniższymi procentami.
 
Statystyki odpowiedzi
Odpowiedź % Poprawnych
Warszawa
82%
Kraków
76%
Gdańsk
75%
Szczecin
74%
Łódź
73%
Poznań
73%
Wrocław
72%
Białystok
71%
Gdynia
68%
Bydgoszcz
66%
Lublin
60%
Toruń
60%
Rzeszów
58%
Olsztyn
57%
Radom
57%
Częstochowa
56%
Opole
56%
Kielce
55%
Zielona Góra
53%
Gorzów Wielkopolski
51%
Elbląg
50%
Suwałki
47%
Płock
45%
Katowice
43%
Koszalin
43%
Słupsk
39%
Tarnów
39%
Bielsko-Biała
38%
Nowy Sącz
37%
Grudziądz
36%
Stargard
36%
Włocławek
36%
Ełk
35%
Gniezno
35%
Piła
35%
Kołobrzeg
34%
Przemyśl
34%
Siedlce
34%
Wałbrzych
34%
Inowrocław
33%
Konin
32%
Łomża
32%
Biała Podlaska
31%
Jelenia Góra
31%
Kalisz
31%
Zamość
31%
Legnica
30%
Chełm
28%
Leszno
27%
Ostrołęka
26%
Piotrków Trybunalski
26%
Gliwice
25%
Lubin
25%
Pruszków
25%
Legionowo
24%
Ostrów Wielkopolski
24%
Wejherowo
24%
Kędzierzyn-Koźle
23%
Krosno
23%
Pabianice
23%
Rumia
23%
Starogard Gdański
23%
Ostrowiec Świętokrzyski
22%
Głogów
21%
Puławy
21%
Tczew
21%
Bełchatów
20%
Mielec
20%
Piaseczno
20%
Tarnobrzeg
20%
Otwock
19%
Rybnik
19%
Stalowa Wola
19%
Zabrze
19%
Zgierz
19%
Skierniewice
18%
Sosnowiec
17%
Tychy
17%
Dębica
16%
Świdnica
16%
Tomaszów Mazowiecki
16%
Dąbrowa Górnicza
15%
Radomsko
15%
Jastrzębie-Zdrój
14%
Jaworzno
14%
Skarżysko-Kamienna
14%
Racibórz
13%
Zawiercie
12%
Bytom
11%
Starachowice
11%
Tarnowskie Góry
11%
Żory
10%
Mysłowice
9%
Ruda Śląska
9%
Wodzisław Śląski
9%
Chorzów
8%
Będzin
5%
Siemianowice Śląskie
5%
Piekary Śląskie
4%
Świętochłowice
3%
Nie znaleziono quizów pasujących do podanych kryteriów
Rozkład punktacji
Procent ludzi z każdym wynikiem
Percentyl według liczby udzielonych odpowiedzi
Twoja historia wyników
Nie rozwiązałeś tego quizu